000 00457 a2200157 4500
005 20250626064125.0
020 _a0-324-06671-6
082 _a519.5 SWE
100 _aANDERSON, R. D.
245 _aStatistics For Business And Economics 8e,
250 _a8th Ed
260 _aNew York,
_bSouth- Western Thomson Learning,
_c2002.
300 _axxv.; 883p.; Ill.; picture,
_bGlossary, Index
_c26cm.
700 _aSWEENEY, D. J. & WILLIAMS, T.
942 _2ddc
_cBKS
999 _c5196
_d5196